| Tag |
First Indicator |
Second Indicator |
Subfields |
| LEADER |
00000cam a2200000 4500 |
| 001 |
in00000046395 |
| 005 |
20151007071341.0 |
| 008 |
720504s1963 nyua 00000 eng |
| 010 |
|
|
|a 63020633
|
| 035 |
|
|
|a (OCoLC)00497010
|
| 035 |
|
|
|9 AAE5803AM
|
| 040 |
|
|
|a DLC
|c DLC
|d TXA
|d UtOrBLW
|
| 049 |
|
|
|a TXAM
|c [368351]
|
| 050 |
0 |
0 |
|a QC174.1
|b .K54
|
| 082 |
1 |
|
|a 530.12
|
| 092 |
|
|
|a 530.12
|b K62q, 1963
|
| 100 |
1 |
|
|a Kittel, Charles.
|
| 245 |
1 |
0 |
|a Quantum theory of solids.
|
| 264 |
|
1 |
|a New York :
|b Wiley,
|c [1963]
|
| 300 |
|
|
|a xi, 435 pages :
|b diagrams ;
|c 24 cm.
|
| 336 |
|
|
|a text
|b txt
|2 rdacontent
|
| 337 |
|
|
|a unmediated
|b n
|2 rdamedia
|
| 338 |
|
|
|a volume
|b nc
|2 rdacarrier
|
| 650 |
|
0 |
|a Quantum theory.
|
| 650 |
|
0 |
|a Solids.
|
| 999 |
|
|
|a MARS
|
| 999 |
f |
f |
|s 5981f714-9aa7-3b42-a218-23de14997d8a
|i 0a48893a-c28c-3a1c-bfd5-1243b308215c
|t 0
|
| 952 |
f |
f |
|p normal
|a Texas A&M University
|b College Station
|c Sterling C. Evans Library
|d Evans: Library Stacks
|t 0
|e QC174.1 .K54
|h Library of Congress classification
|i unmediated -- volume
|m A14800909942
|
| 998 |
f |
f |
|a QC174.1 .K54
|t 0
|l Evans: Library Stacks
|